000 00646nam a22002177a 4500
999 _c368
_d368
003 OSt
005 20191125121349.0
008 140904b xxu||||| |||| 00| 0 eng d
020 _a0713145420
040 _cDDC
082 _aQY 90 Z65c 1988
100 _aZilva, Joan F.; Pannall, Peter R.; Mayne, Philip D.
_9946
245 _aClinical Chemeisty in Diagnosis and Treatment
250 _a5th ed.
260 _aLondon;
_bEdward Arnold,
_c1988
300 _axix,490 p :
_bill;
_c23 cm.
504 _aIncludes Bibliographical references and index
650 _aClinical chemistry
_9428
650 _aLaboratory diagnosis
_92306
942 _2z
_cB_BANK